000 00351nam a2200133Ia 4500
008 100328s9999 xx 000 0 und d
082 _b60223
100 _aप्रभुदेसाई अनघा
245 _aसमिधा
260 _bगं्रथाली.
630 _aसमिधा
730 _aसमिधा
942 _cBOOK
999 _c546385
_d546382